GORKY PARK (Record no. 99604)

MARC details
000 -LEADER
fixed length control field 00415nam a2200181Ia 4500
008 - FIXED-LENGTH DATA ELEMENTS--GENERAL INFORMATION
fixed length control field 090124s9999 xx 000 0 und d
082 ## - DEWEY DECIMAL CLASSIFICATION NUMBER
Item number 33713
100 ## - MAIN ENTRY--PERSONAL NAME
Personal name SMITH MARTIN CRUZ
245 ## - TITLE STATEMENT
Title GORKY PARK
250 ## - EDITION STATEMENT
Edition statement 0
260 ## - PUBLICATION, DISTRIBUTION, ETC. (IMPRINT)
Name of publisher, distributor, etc BALLANTINE BOOKS
Date of publication, distribution, etc 1981
300 ## - PHYSICAL DESCRIPTION
Extent 433
600 ## - SUBJECT ADDED ENTRY--PERSONAL NAME
Personal name SMITH MARTIN CRUZ
630 ## - SUBJECT ADDED ENTRY--UNIFORM TITLE
Uniform title GORKY PARK
700 ## - ADDED ENTRY--PERSONAL NAME
Personal name SMITH MARTIN CRUZ
730 ## - ADDED ENTRY--UNIFORM TITLE
Uniform title GORKY PARK
942 ## - ADDED ENTRY ELEMENTS (KOHA)
Koha item type Book
Holdings
Withdrawn status Lost status Damaged status Not for loan Home library Current library Date acquired Cost, normal purchase price Total Checkouts Full call number Barcode Date last seen Cost, replacement price Price effective from Koha item type
        Nagar Wachan Mandir, Thane Nagar Wachan Mandir, Thane   171.50   33713 THNNWM-33713 01/24/2009 171.50 01/24/2009 Book